Các quá trình cơ bản tổng hợp hữu cơ

Spremljeno u:
Bibliografski detalji
Glavni autor: Phan, Đình Châu, PGS.TS
Format: Knjiga
Izdano: Khoa học và Kỹ thuật 2008
Oznake: Dodaj oznaku
Bez oznaka, Budi prvi tko označuje ovaj zapis!
Thư viện lưu trữ: Mạng thư viện Đại học Đà Nẵng
LEADER 00588nam a2200229 a 4500
001 000030216
003 30212
005 20171030145630.0
008 171030s2008
020 |c 58000 
040 |a LTT 
082 0 |a 547  |b PH-C 
100 1 |a Phan, Đình Châu, PGS.TS 
245 0 0 |a Các quá trình cơ bản tổng hợp hữu cơ  |c Phan Đình Châu. 
260 |b Khoa học và Kỹ thuật  |c 2008 
OWN |a LTT 
999 |a From the UDN01 
TYP |a Monograph 
TYP |a Printed language 
980 |a Mạng thư viện Đại học Đà Nẵng